| 000 | 00642nam a2200229 i 4500 | ||
|---|---|---|---|
| 001 | bg | ||
| 100 | 1 |
_aIgnatowicz, Jerzy _d(1914-1997). |
|
| 245 | 1 | 0 |
_aPrawo rzeczowe / _cJerzy Ignatowicz. |
| 250 | _aWyd. 7 zm. | ||
| 260 |
_aWarszawa : _bWydawnictwa Prawnicze PWN, _c1997. |
||
| 300 |
_a339, [3] s. ; _c21 cm. |
||
| 504 | _aBibliogr. s. 10 i przy rozdz. | ||
| 650 | 9 |
_aPrawo rzeczowe _zPolska _ystan na 1997 r. |
|
| 655 | _aPodręczniki akademickie | ||
| 020 | _a8386702540 | ||
| 040 | _cBPK | ||
| 041 | 0 | _apl | |
| 080 | _a347.2(438)(075.8) | ||
| 920 | _a83-86702-54-0 | ||
| 942 | _cKS | ||
| 008 | s pl f |000 0 pol | ||
| 999 |
_c25281 _d25281 |
||
| 856 |
_uhttp://koha.tu.koszalin.pl/cgi-bin/koha/opac-detail.pl?biblionumber=25281 _yKatalog online BPK |
||